| 000 | 00573nam a22002177a 4500 | ||
|---|---|---|---|
| 003 | OSt | ||
| 005 | 20140310181917.0 | ||
| 008 | 130716t xxu||||| |||| 00| 0 eng d | ||
| 020 | _a0194371301 | ||
| 050 |
_aLB 1050 _b.W187 1992 |
||
| 082 |
_aTR 372.4 _bWa15 1992 |
||
| 100 |
_aCatherine Wallace. _91132 |
||
| 245 |
_aReading / _cCatherine Wallace. |
||
| 260 |
_aNew York : _bOxford University Press, _cc1992. |
||
| 300 |
_aXI, 161 p. : _bill. ; _c24 cm. |
||
| 521 | _aTeachers | ||
| 541 | _j1 | ||
| 562 | _e1 | ||
| 650 | _2Languages | ||
| 942 |
_2lcc _cBK-TR _kTR |
||
| 999 |
_c6818 _d6818 |
||